000 00401nam a2200181Ia 4500
001 19088
005 20260306171718.0
008 260306s9999||||xx |||||||||||||| ||und||
041 _aESP
082 _a658.8
_bK77D 2012
100 _aKotler, Philip
_eAUT
245 0 _aDirección de marketing
260 _c2012
300 _a
_c
650 _aGEN
654 _aCAN
942 _cLIB
_dJUS
_fJUS
_2ddc
_n
999 _c19088
_d19088